00754 2200253 4500001002100000005001700021008004100038035002400079082001500103090002700118100003200145245006100177250001100238260004300249300002500292500002900317650003700346850001200383999002100395999002100416999002100437999002100458999002100479YOGYA-0209000004150620090227025758.0 ind  0010-020900000041506 a338.959823 a338.959823bYog LlYOG aYOGYAKARTA. Daerah Istimewa aLaporan hasil pelaksanaan pelita VcPemerintah Prop. DIY aCet. 1 aYogyakartabPemerintah Prop. DIYc1994 a...bukubilusc21 cm aYang diterima : Buku 1-5 aPembangunan lima tahun - Laporan aYOPDYOG a22981-PD/A.07b1 a22982-PD/A.07b1 a22983-PD/A.07b1 a22984-PD/A.07b1 a22985-PD/A.07b1